000 00294nam a22001337a 4500
003 SGT
082 _a616.0757
_bC17W
100 _aWHITLEY,A STEWART
245 _aCLARKS POCKET HANDBOOK FOR RADIOGRAPHERS
250 _a2ND
260 _bCRS PRESS
_c2017
300 _a252
942 _2ddc
_cBK
_028
999 _c14334
_d14334